[Event "Omelnyk Grokhotov Memorial 10th"]
[Site "Omelnyk"]
[Date "2022.01.04"]
[Round "4"]
[White "Kislinsky, Alexey"]
[Black "Shalimov, Valery"]
[Result "1/2-1/2"]
[WhiteElo "2352"]
[BlackElo "2314"]
[PlyCount "51"]
[EventDate "2022.01.03"]
[EventType "tourn"]
[EventRounds "9"]
[EventCountry "UKR"]
[EventCategory "1"]
[SourceTitle "EXT 2023"]
[Source "ChessBase"]
[SourceDate "2022.10.05"]
[SourceVersion "1"]
[SourceVersionDate "2022.10.05"]
[SourceQuality "1"]

1. e4 c5 2. Nf3 Nc6 3. c3 d5 4. exd5 Qxd5 5. d4 e6 6. Bd3 Nf6 7. 0-0 Qd8 8. a3 cxd4 9. cxd4 Be7 10. Nc3 0-0 11. Bc2 b6 12. Re1 Bb7 13. Qd3 g6 14. Bh6 Re8 15. Rad1 Nd5 16. Bb3 Nxc3 17. bxc3 Na5 18. Ba4 Bc6 19. Bxc6 Nxc6 20. c4 Bf6 21. d5 exd5 22. cxd5 Ne5 23. Nxe5 Bxe5 24. f4 Bd6 25. Qc3 Rxe1+ 26. Rxe1 1/2-1/2

[Event "Kharkov Advanced vs Experienced"]
[Site "Kharkov"]
[Date "2021.12.22"]
[Round "2"]
[White "Kalosha, Zhiulien Oleksii"]
[Black "Shalimov, Valery"]
[Result "0-1"]
[WhiteElo "2149"]
[BlackElo "2315"]
[PlyCount "128"]
[EventDate "2021.12.21"]
[EventType "schev"]
[EventRounds "8"]
[EventCountry "UKR"]
[SourceTitle "CBM 206 Extra"]
[Source "ChessBase"]
[SourceDate "2022.03.31"]
[SourceVersion "1"]
[SourceVersionDate "2022.03.31"]
[SourceQuality "1"]

1. e4 e5 2. Nf3 Nc6 3. Bc4 Bc5 4. c3 Nf6 5. d3 0-0 6. 0-0 d6 7. Nbd2 a6 8. Bb3 Be6 9. Re1 Bxb3 10. axb3 Re8 11. b4 Ba7 12. h3 Ne7 13. Nf1 Ng6 14. Ng3 h6 15. Qe2 d5 16. Nh2 Nf4 17. Qf3 dxe4 18. dxe4 Qd3 19. Bxf4 Qxf3 20. gxf3 exf4 21. Ne2 g5 22. Ng4 Kg7 23. Red1 Rad8 24. Nxf6 Kxf6 25. Nd4 Bxd4 26. Rxd4 Rxd4 27. cxd4 Rd8 28. Rd1 Ke6 29. Kf1 Rd6 30. d5+ Ke5 31. Rc1 c6 32. dxc6 Rxc6 33. Rd1 Ke6 34. Rd5 Rc2 35. b5 a5 36. b6 Rxb2 37. Rxa5 Rxb6 38. h4 Rb1+ 39. Kg2 Kf6 40. Rf5+ Kg6 41. Rd5 b5 42. Rd6+ Kg7 43. Rd5 gxh4 44. Rf5 b4 45. Rxf4 h3+ 46. Kh2 b3 47. Rf5 Rf1 48. Rb5 Rxf2+ 49. Kxh3 Rxf3+ 50. Kg4 Rc3 51. Rb6 Re3 52. Kf4 Rd3 53. Kg4 Rc3 54. e5 Kf8 55. Rb7 Ke8 56. Kh5 Rf3 57. Kg4 Re3 58. Kf4 Rc3 59. Kf5 h5 60. Rb4 Kd7 61. Rb7+ Kc6 62. Rb8 Kd5 63. Rd8+ Kc4 64. Ke4 b2 0-1

[Event "Kharkov Young-Experienced"]
[Site "Kharkov"]
[Date "2021.08.16"]
[Round "4"]
[White "Shalimov, Valery"]
[Black "Kalosha, Zhiulien Oleksii"]
[Result "0-1"]
[WhiteElo "2340"]
[BlackElo "2152"]
[PlyCount "120"]
[EventDate "2021.08.13"]
[EventType "schev"]
[EventRounds "8"]
[EventCountry "UKR"]
[SourceTitle "EXT 2023"]
[Source "ChessBase"]
[SourceDate "2022.10.05"]
[SourceVersion "1"]
[SourceVersionDate "2022.10.05"]
[SourceQuality "1"]

1. d4 Nf6 2. Bg5 d5 3. Nf3 Ne4 4. Bf4 c5 5. c3 Nc6 6. e3 Bf5 7. Qb3 Qd7 8. Bb5 f6 9. c4 e6 10. Nc3 Nxc3 11. Qxc3 a6 12. Bxc6 Qxc6 13. cxd5 Qxd5 14. 0-0 Be7 15. Rad1 Rd8 16. h3 0-0 17. dxc5 Qxd1 18. Rxd1 Rxd1+ 19. Kh2 Rd5 20. Qb3 Bxc5 21. Qxb7 a5 22. Qc6 Kf7 23. Bc7 Re8 24. Nd4 Bxd4 25. exd4 Re7 26. Bd6 Ra7 27. f3 Bd3 28. Bc5 Rad7 29. Qa4 h5 30. Qb3 Bf5 31. h4 Kg6 32. Qe3 e5 33. dxe5 Rxe5 34. Qf2 Red5 35. Be3 Kh7 36. Qg3 Bg6 37. Qf4 Re7 38. Bd4 Re2 39. Kg3 a4 40. a3 Bc2 41. Bc3 Re6 42. Qc7 Bb3 43. Bb4 Re8 44. Bc3 Kg8 45. Kf2 Red8 46. Qe7 Kh8 47. Qe4 Rc8 48. Kg3 Rcd8 49. Qg6 Ra8 50. Kf4 Rad8 51. g4 hxg4 52. fxg4 Rd1 53. h5 Rh1 54. Bxf6 Rf1+ 55. Kg3 Rxf6 56. Qe4 Re6 57. Qf5 Red6 58. Qe5 Bd1 59. Qg5 Rd3+ 60. Kg2 R8d4 0-1

[Event "Kharkov Young-Experienced"]
[Site "Kharkov"]
[Date "2021.08.15"]
[Round "3"]
[White "Testeshnikov, Nikita"]
[Black "Shalimov, Valery"]
[Result "1/2-1/2"]
[WhiteElo "2065"]
[BlackElo "2340"]
[PlyCount "79"]
[EventDate "2021.08.13"]
[EventType "schev"]
[EventRounds "8"]
[EventCountry "UKR"]
[SourceTitle "EXT 2023"]
[Source "ChessBase"]
[SourceDate "2022.10.05"]
[SourceVersion "1"]
[SourceVersionDate "2022.10.05"]
[SourceQuality "1"]

1. d4 c5 2. c3 e6 3. Bf4 b6 4. Nf3 Nf6 5. e3 Bb7 6. Nbd2 Be7 7. h3 cxd4 8. exd4 0-0 9. Bd3 d6 10. 0-0 Nbd7 11. Qe2 a6 12. a4 Re8 13. Ne4 Qc7 14. Nfg5 h6 15. Nxf6+ Nxf6 16. Ne4 Nd5 17. Bd2 f5 18. Ng3 Bg5 19. Bxg5 hxg5 20. Qd2 Nf4 21. f3 g6 22. Bc2 e5 23. dxe5 dxe5 24. Rad1 Rad8 25. Qe3 Kg7 26. Rxd8 Rxd8 27. Rd1 Rxd1+ 28. Bxd1 a5 29. Bb3 Kf6 30. Nf1 Ba6 31. Nd2 Nd3 32. h4 gxh4 33. Qh6 Nxb2 34. f4 Qc5+ 35. Kh2 exf4 36. Qxh4+ Kg7 37. Qd8 Bc4 38. Qd7+ Kf8 39. Qd8+ Kg7 40. Qd7+ 1/2-1/2

[Event "Elitzur Int Online"]
[Site "Chess.com INT"]
[Date "2020.11.01"]
[Round "7"]
[White "Shuvalov, Evgenij"]
[Black "Shalimov, Valery"]
[Result "1-0"]
[WhiteElo "2182"]
[BlackElo "2376"]
[PlyCount "81"]
[EventDate "2020.11.01"]
[EventType "swiss (blitz)"]
[EventRounds "11"]
[EventCountry "ISR"]
[SourceTitle "CBM 199 Extra"]
[Source "ChessBase"]
[SourceDate "2021.01.31"]
[SourceVersion "1"]
[SourceVersionDate "2021.01.31"]
[SourceQuality "1"]

1. b4 d5 2. Bb2 Nf6 3. e3 e6 4. a3 a5 5. b5 c5 6. c4 b6 7. Nf3 Bb7 8. Be2 Nbd7 9. Qc2 Be7 10. d3 0-0 11. Nbd2 Re8 12. 0-0 Bf8 13. Rfd1 Rc8 14. Rac1 g6 15. Qb1 Bg7 16. Qa1 Nh5 17. Bxg7 Nxg7 18. h3 Qf6 19. Qxf6 Nxf6 20. Ne5 Nf5 21. g4 Nh4 22. g5 Nh5 23. Bxh5 gxh5 24. Nd7 Red8 25. Nxb6 Rc7 26. cxd5 exd5 27. d4 c4 28. Na4 h6 29. gxh6 Rd6 30. Kh2 Rxh6 31. Rg1+ Kf8 32. Rg5 Rf6 33. Kg1 Rg6 34. Rxg6 fxg6 35. Nc3 Ke7 36. Rb1 Kd6 37. b6 Rc8 38. Rb5 Ra8 39. Rc5 Bc6 40. e4 dxe4 41. Nxc4+ 1-0

[Event "Elitzur Int Online"]
[Site "Chess.com INT"]
[Date "2020.11.01"]
[Round "10"]
[White "Zhizmer, Yuri"]
[Black "Shalimov, Valery"]
[Result "1-0"]
[WhiteElo "2348"]
[BlackElo "2376"]
[PlyCount "53"]
[EventDate "2020.11.01"]
[EventType "swiss (blitz)"]
[EventRounds "11"]
[EventCountry "ISR"]
[SourceTitle "CBM 199 Extra"]
[Source "ChessBase"]
[SourceDate "2021.01.31"]
[SourceVersion "1"]
[SourceVersionDate "2021.01.31"]
[SourceQuality "1"]

1. d4 d5 2. Nf3 Nf6 3. c3 Bg4 4. Ne5 Bf5 5. Qb3 Qc8 6. Bf4 c6 7. Nd2 e6 8. e3 Be7 9. h3 0-0 10. Be2 Nbd7 11. 0-0 c5 12. Rfc1 c4 13. Qd1 b5 14. Ndf3 h6 15. Nxd7 Nxd7 16. Ne5 Nxe5 17. Bxe5 a5 18. Bf3 f6 19. Bg3 Qc6 20. Qe2 Bd3 21. Qd1 b4 22. cxb4 Bg6 23. bxa5 Rxa5 24. Qd2 Rfa8 25. b3 Ba3 26. Rxc4 Qb6 27. Bc7 1-0

[Event "Eljanov Memorial 6th"]
[Site "Chess.com INT"]
[Date "2020.10.29"]
[Round "3"]
[White "Shalimov, Valery"]
[Black "Katashuk, V."]
[Result "0-1"]
[WhiteElo "2376"]
[BlackElo "2179"]
[PlyCount "122"]
[EventDate "2020.10.29"]
[EventType "swiss (blitz)"]
[EventRounds "9"]
[EventCountry "UKR"]
[SourceTitle "CBM 199 Extra"]
[Source "ChessBase"]
[SourceDate "2021.01.31"]
[SourceVersion "1"]
[SourceVersionDate "2021.01.31"]
[SourceQuality "1"]

1. d4 g6 2. Nf3 Bg7 3. c3 b6 4. e4 Bb7 5. Bd3 e6 6. 0-0 d6 7. Re1 Nd7 8. a4 a5 9. Qe2 Ne7 10. Nbd2 0-0 11. Nc4 h6 12. h3 Rc8 13. Bf4 d5 14. Nce5 Nxe5 15. Bxe5 dxe4 16. Bxe4 Bxe4 17. Qxe4 Qd5 18. Bxg7 Qxe4 19. Rxe4 Kxg7 20. Ne5 Rfd8 21. Kf1 c5 22. dxc5 Rxc5 23. Rae1 Nf5 24. Nc4 Rc6 25. Ke2 Ne7 26. Ne3 Nd5 27. Nxd5 Rxd5 28. Rd1 Rxd1 29. Kxd1 f5 30. Rd4 Kf6 31. Rd7 e5 32. Kd2 e4 33. Rb7 Ke5 34. b4 axb4 35. cxb4 Rd6+ 36. Kc2 f4 37. Re7+ Kd4 38. Kb3 e3 39. fxe3+ fxe3 40. Kc2 Rc6+ 41. Kd1 Rc4 42. Rd7+ Ke4 43. Re7+ Kf4 44. Rf7+ Kg3 45. a5 Rxb4 46. axb6 Rxb6 47. Ke2 Rb2+ 48. Kxe3 Rxg2 49. Rf6 Kxh3 50. Kf3 h5 51. Rf8 g5 52. Rh8 g4+ 53. Kf4 h4 54. Kg5 Kg3 55. Rxh4 Kf3 56. Rh8 Ra2 57. Rb8 g3 58. Kh4 g2 59. Rf8+ Ke2 60. Rg8 Kf1 61. Rf8+ Rf2 0-1

[Event "UKR-ch sf"]
[Site "Omelnyk"]
[Date "2019.10.11"]
[Round "6"]
[White "Shalimov, Valery"]
[Black "Matviishen, Viktor"]
[Result "1-0"]
[WhiteElo "2391"]
[BlackElo "2494"]
[PlyCount "63"]
[EventDate "2019.10.06"]
[EventType "swiss"]
[EventRounds "9"]
[EventCountry "UKR"]
[SourceTitle "EXT 2020"]
[Source "ChessBase"]
[SourceDate "2019.10.17"]
[SourceVersion "1"]
[SourceVersionDate "2019.10.17"]
[SourceQuality "1"]

1. d4 Nf6 2. Nf3 d5 3. Bf4 e6 4. e3 c5 5. c3 Nc6 6. Nbd2 cxd4 7. exd4 Ne4 8. Be3 Bd6 9. g3 h6 10. Bd3 Nf6 11. 0-0 0-0 12. Re1 a6 13. a4 Ng4 14. Qe2 Qc7 15. Nh4 f5 16. f4 Nxe3 17. Qxe3 e5 18. Ng6 exd4 19. cxd4 Rf6 20. Qe8+ Kh7 21. Nh4 Nxd4 22. Rac1 Nc6 23. Ndf3 Qf7 24. Nxf5 Bxf5 25. Bxf5+ Rxf5 26. Qxa8 Bxf4 27. gxf4 Rxf4 28. Rxc6 bxc6 29. Ne5 Qf5 30. Qxc6 d4 31. Qd5 Qg5+ 32. Kh1 1-0

[Event "UKR-ch sf"]
[Site "Omelnyk"]
[Date "2019.10.10"]
[Round "5"]
[White "Vetoshko, Volodymyr"]
[Black "Shalimov, Valery"]
[Result "1/2-1/2"]
[WhiteElo "2506"]
[BlackElo "2391"]
[PlyCount "33"]
[EventDate "2019.10.06"]
[EventType "swiss"]
[EventRounds "9"]
[EventCountry "UKR"]
[SourceTitle "EXT 2020"]
[Source "ChessBase"]
[SourceDate "2019.10.17"]
[SourceVersion "1"]
[SourceVersionDate "2019.10.17"]
[SourceQuality "1"]

1. d4 Nf6 2. c4 e6 3. Nc3 Bb4 4. g3 0-0 5. Bg2 d5 6. Nf3 dxc4 7. 0-0 Bd7 8. Ne5 Bc6 9. e4 a6 10. a4 Bxc3 11. Nxc6 Nxc6 12. bxc3 e5 13. d5 Na5 14. Ra2 Nb3 15. Ba3 Re8 16. Qe2 b5 17. Bh3 1/2-1/2

[Event "Omelnyk Grokhotov Memorial"]
[Site "Omelnyk"]
[Date "2018.01.05"]
[Round "5"]
[White "Mirzoev, Emil"]
[Black "Shalimov, Valery"]
[Result "1/2-1/2"]
[WhiteElo "2398"]
[BlackElo "2399"]
[PlyCount "28"]
[EventDate "2018.01.03"]
[EventType "tourn"]
[EventRounds "11"]
[EventCountry "UKR"]
[SourceTitle "CBM 182 Extra"]
[Source "ChessBase"]
[SourceDate "2018.02.23"]
[SourceVersion "1"]
[SourceVersionDate "2018.02.23"]
[SourceQuality "1"]

1. e4 c5 2. Nf3 d6 3. Bb5+ Bd7 4. Bxd7+ Qxd7 5. 0-0 Nc6 6. c4 g6 7. Nc3 Bg7 8. d3 Nf6 9. h3 0-0 10. Be3 a6 11. Qd2 Rab8 12. Bh6 b5 13. Bxg7 Kxg7 14. b3 bxc4 1/2-1/2

[Event "UKR-ch blitz"]
[Site "Omelnyk"]
[Date "2017.10.14"]
[Round "4"]
[White "Shalimov, Valery"]
[Black "Alexikov, Alexander"]
[Result "1-0"]
[WhiteElo "2402"]
[BlackElo "2303"]
[PlyCount "85"]
[EventDate "2017.10.14"]
[EventType "swiss (blitz)"]
[EventRounds "9"]
[EventCountry "UKR"]
[SourceTitle "CBM 181 Extra"]
[Source "ChessBase"]
[SourceDate "2017.12.12"]
[SourceVersion "1"]
[SourceVersionDate "2017.12.12"]
[SourceQuality "1"]

1. d4 d6 2. e4 Nf6 3. Bd3 c5 4. c3 Nc6 5. Nf3 e6 6. 0-0 Be7 7. Re1 Qc7 8. Bg5 h6 9. Bh4 b6 10. d5 Ne5 11. Nxe5 dxe5 12. Bxf6 Bxf6 13. c4 0-0 14. Nc3 a6 15. a4 Rb8 16. Qe2 Bd7 17. g3 Rfe8 18. Red1 Qc8 19. h4 Be7 20. Bc2 Bf8 21. dxe6 fxe6 22. a5 b5 23. cxb5 axb5 24. a6 c4 25. a7 Ra8 26. Ra5 Bc5 27. Rd2 Qc7 28. Rxb5 Bxb5 29. Nxb5 Qb6 30. Qxc4 Rf8 31. Kg2 Rxf2+ 32. Rxf2 Bxf2 33. Bb3 Kh8 34. Qxe6 Qe3 35. Qg6 Be1 36. Bd5 Rf8 37. a8Q Rxa8 38. Bxa8 Qe2+ 39. Kh3 Qf1+ 40. Kg4 Qxb5 41. Bd5 Qe2+ 42. Kf5 Bb4 43. Qe8+ 1-0

[Event "UKR-ch rapid"]
[Site "Omelnyk"]
[Date "2017.10.12"]
[Round "3"]
[White "Bykovskiy, Oleg"]
[Black "Shalimov, Valery"]
[Result "1/2-1/2"]
[WhiteElo "2349"]
[BlackElo "2402"]
[PlyCount "147"]
[EventDate "2017.10.12"]
[EventType "swiss (rapid)"]
[EventRounds "9"]
[EventCountry "UKR"]
[SourceTitle "CBM 181 Extra"]
[Source "ChessBase"]
[SourceDate "2017.12.12"]
[SourceVersion "1"]
[SourceVersionDate "2017.12.12"]
[SourceQuality "1"]

1. e4 c5 2. c3 d5 3. exd5 Qxd5 4. Nf3 Nf6 5. Na3 e6 6. Bc4 Qd8 7. 0-0 Nc6 8. d4 cxd4 9. Nb5 a6 10. Nbxd4 Nxd4 11. Nxd4 Be7 12. h3 Qc7 13. Bd3 0-0 14. Qf3 Rd8 15. Re1 Bd7 16. Bf4 Qb6 17. Rab1 Bc6 18. Nxc6 Qxc6 19. Qxc6 bxc6 20. Be2 a5 21. Red1 Nd5 22. Bg3 a4 23. c4 Nb4 24. Bf3 Rac8 25. a3 Nd3 26. Be4 Nc5 27. Rxd8+ Bxd8 28. Bc2 Bc7 29. Bxc7 Rxc7 30. Rd1 Rc8 31. Re1 Rb8 32. Re5 Rxb2 33. Rxc5 Rxc2 34. Rxc6 Rc1+ 35. Kh2 Kf8 36. Rc8+ Ke7 37. Rc7+ Kf6 38. c5 Rc3 39. c6 Rxa3 40. Ra7 Rc3 41. c7 g5 42. g3 h5 43. Rxa4 Rxc7 44. h4 g4 45. Kg2 Kg6 46. Ra8 f6 47. Re8 e5 48. Rg8+ Kh7 49. Rf8 Kg7 50. Ra8 Rc2 51. Ra7+ Kg6 52. Ra8 f5 53. Rg8+ Kf6 54. Rf8+ Ke6 55. Re8+ Kd5 56. Rh8 f4 57. gxf4 exf4 58. Rf8 f3+ 59. Kg3 Rc1 60. Kf4 Ke6 61. Rh8 Rc4+ 62. Kg3 Rc5 63. Rh6+ Kf7 64. Ra6 Rc1 65. Rh6 Rc5 66. Ra6 Rf5 67. Rb6 Rf6 68. Rb5 Kg6 69. Rg5+ Kh6 70. Ra5 Rb6 71. Rc5 Rb1 72. Rc6+ Kg7 73. Rc5 Kg6 74. Rc6+ 1/2-1/2

[Event "Pardubice Czech op-A 25th"]
[Site "Pardubice"]
[Date "2014.07.20"]
[Round "3"]
[White "Shalimov, Valery"]
[Black "Kislinsky, Alexey"]
[Result "0-1"]
[WhiteElo "2412"]
[BlackElo "2491"]
[PlyCount "192"]
[EventDate "2014.07.18"]
[EventType "swiss"]
[EventRounds "9"]
[EventCountry "CZE"]
[SourceTitle "CBM 161 Extra"]
[Source "ChessBase"]
[SourceDate "2014.08.29"]
[SourceVersion "1"]
[SourceVersionDate "2014.08.29"]
[SourceQuality "1"]

1. d4 d6 2. e4 Nf6 3. Nc3 g6 4. Nf3 Bg7 5. Be2 0-0 6. 0-0 e6 7. Bf4 Nc6 8. Qd2 a6 9. a4 b6 10. Rad1 Bb7 11. Rfe1 Ne7 12. Bf1 Nd7 13. Bh6 Qe8 14. Qf4 Kh8 15. h4 Bxh6 16. Qxh6 Ng8 17. Qg5 f6 18. Qe3 Qf7 19. Bc4 Rae8 20. Qe2 Nb8 21. Qd2 Qg7 22. Bd3 Nh6 23. Ne2 f5 24. Ng3 f4 25. Ne2 e5 26. dxe5 dxe5 27. Qc3 Ng4 28. Kf1 a5 29. Neg1 Na6 30. Bb5 Rd8 31. Bc6 Bc8 32. b3 Nc5 33. Rd5 Ba6+ 34. Bb5 Bxb5+ 35. axb5 Nxe4 36. Qc6 Rxd5 37. Qxd5 Nef6 38. Qc6 e4 39. Ng5 Qe7 40. N1h3 e3 41. f3 Ne5 42. Qe6 Qc5 43. Nxf4 Nfg4 44. Ne2 h6 45. Kg1 hxg5 46. fxg4 gxh4 47. g5 Rf5 48. Rd1 Qf8 49. Rd4 Rxg5 50. Rf4 Qd8 51. Rxh4+ Kg7 52. Kh2 Rf5 53. Kh3 Nf7 54. Qxe3 Re5 55. Qd4 Qxd4 56. Nxd4 Nd6 57. Kg3 g5 58. Rh1 Re4 59. c3 Re3+ 60. Kg4 Kg6 61. Rh3 Re4+ 62. Kg3 Re5 63. c4 Re4 64. Nc2 a4 65. Kf2 g4 66. Rd3 axb3 67. Rxb3 Rxc4 68. Ne3 Rd4 69. Ke2 Kg5 70. Rb1 Kf4 71. Rf1+ Ke5 72. Rb1 Ra4 73. Rb3 Ra2+ 74. Kd3 g3 75. Rb4 Ra3+ 76. Ke2 Rc3 77. Rg4 Nf5 78. Nxf5 Kxf5 79. Rg7 Kf6 80. Rg4 Ke6 81. Rb4 Kd6 82. Rb1 Kd5 83. Rb2 Kc4 84. Rb1 Kd4 85. Rb4+ Kc5 86. Rb1 Kc4 87. Rb2 Rb3 88. Rc2+ Kxb5 89. Rxc7 Kb4 90. Rg7 b5 91. Kd1 Rc3 92. Rg5 Kc4 93. Rg4+ Kb3 94. Re4 b4 95. Re8 Kb2 96. Re2+ Kb1 0-1

[Event "Myrhorod op"]
[Site "Myrhorod"]
[Date "2011.07.13"]
[Round "8"]
[White "Solovchuk, Alexey"]
[Black "Shalimov, Valery"]
[Result "1/2-1/2"]
[WhiteElo "2375"]
[BlackElo "2367"]
[PlyCount "63"]
[EventDate "2011.07.09"]
[EventType "swiss"]
[EventRounds "9"]
[EventCountry "UKR"]
[SourceTitle "CBM 143 Extra"]
[Source "ChessBase"]
[SourceDate "2011.08.29"]
[SourceVersion "1"]
[SourceVersionDate "2011.08.29"]
[SourceQuality "1"]

1. c4 Nf6 2. Nc3 e6 3. d4 Bb4 4. e3 0-0 5. Nge2 Re8 6. a3 Bf8 7. Ng3 d5 8. Be2 dxc4 9. Bxc4 c5 10. dxc5 Qxd1+ 11. Kxd1 Bxc5 12. b4 Be7 13. Ke2 a6 14. Bb2 b5 15. Bd3 Bb7 16. Nce4 Nbd7 17. Nxf6+ Nxf6 18. e4 Red8 19. f3 Rac8 20. Rhc1 Nd7 21. Bd4 Bg5 22. Rxc8 Rxc8 23. a4 bxa4 24. Rxa4 Ra8 25. Bc3 Bf4 26. Nf1 Ne5 27. Bxe5 Bxe5 28. g3 Bd6 29. Nd2 Bc6 30. b5 axb5 31. Rxa8+ Bxa8 32. Bxb5 1/2-1/2

[Event "Myrhorod op"]
[Site "Myrhorod"]
[Date "2011.07.11"]
[Round "4"]
[White "Kabachienko, Alexandr"]
[Black "Shalimov, Valery"]
[Result "0-1"]
[WhiteElo "2068"]
[BlackElo "2367"]
[PlyCount "56"]
[EventDate "2011.07.09"]
[EventType "swiss"]
[EventRounds "9"]
[EventCountry "UKR"]
[SourceTitle "CBM 143 Extra"]
[Source "ChessBase"]
[SourceDate "2011.08.29"]
[SourceVersion "1"]
[SourceVersionDate "2011.08.29"]
[SourceQuality "1"]

1. Nf3 d5 2. c4 d4 3. g3 Nc6 4. Bg2 e5 5. d3 Bb4+ 6. Nbd2 a5 7. 0-0 Nf6 8. Ne1 0-0 9. Nc2 Bf5 10. a3 Bxd2 11. Bxd2 a4 12. Nb4 Na5 13. Qxa4 Nxc4 14. Qc2 Nxd2 15. Qxd2 c6 16. Rfc1 Re8 17. Rc5 Qd6 18. Rac1 h6 19. R5c4 Be6 20. Rc5 Nd7 21. R5c2 Bb3 22. Rc4 Bxc4 23. Rxc4 Rac8 24. Qc2 f5 25. Qd1 Nf6 26. h3 c5 27. Na2 b6 28. b4 e4 0-1